000 00867nam a2200193 i 4500
001 54907
003 ES-MaACL
005 20230906163039.0
007 t|
008 040127s1939 dr cf |||| | spa d
100 1 _aPeynado, Jacinto Bienvenido.
_9169289
245 1 0 _aMemoria que al honorable presidente de la República, Jacinto B. Peynado, presenta el mayor general José García, secretario de Estado de lo interior y policía, relativa a las labores realizadas en el departamento a su cargo durante el año de 1938.
260 _aCiudad Trujillo :
_bLa Nación,
_c1939.
300 _a536 p., [2] h. de lám. ;
_c24 cm.
500 _aPrecede al tít.: República Dominicana.
500 _aRetratos de Jacinto B. Peynado y de Rafael Trujillo Molina.
651 4 _aRepública Dominicana-
_xPolítica y gobierno-
_y1930-1961.
_9169290
852 _aES-MaACL
_jA-4617
999 _c54907
_d54907